Normal view MARC view
  • LAW

Entry Topical Term

Number of records used in: 1

001 - CONTROL NUMBER

  • control field: 7887

003 - CONTROL NUMBER IDENTIFIER

  • control field: JRU

005 - DATE AND TIME OF LATEST TRANSACTION

  • control field: 20230727120532.0

008 - FIXED-LENGTH DATA ELEMENTS

  • fixed length control field: 230727|| aca||aabn | a|a d

040 ## - CATALOGING SOURCE

  • Original cataloging agency: JRU
  • Transcribing agency: JRU

150 ## - HEADING--TOPICAL TERM

  • Topical term or geographic name as entry element: LAW

670 ## - SOURCE DATA FOUND

  • Source citation: Work cat.: (JRU)8345: DHAL. DEBI PRASAD AND REDDY, A.RAMI 7886, INDIAN BAR REVIEW ,VOL-47 [2. 8. 3] 2020, 2020